Vocabulaire du golf - Statistiques

Statistiques générales
  • Ce quiz a été pris 800 fois
  • Le résultat moyen est 11 sur 15
Statistiques - réponses
Hint Réponse % Correct
Surface gazonnée et tondue ras sur lequel se trouve le trou green
95%
Petit super de bois ou de plastique sur lequel se pose la balle tee
95%
Obstacle sablonneux bunker
94%
Mouvement effectué par le joueur avec son club pour frapper la balle swing
93%
Club à tête métallique fer
84%
Club le plus long driver
83%
Zone herbeuse bien tondue fairway
78%
Personne transportant le sac du joueur caddie
77%
Partie du parcours où l'herbe est la plus haute rough
74%
Niveau des joueurs amateurs (anciennement handicap) index
59%
Désigne les 9 premiers trous du parcours (1 à 9) aller
55%
Responsable de l'entretien du parcours green keeper
53%
Partie de golf opposant deux joueurs ou deux équipes match-play
53%
Ensemble des usages régissant le respect des joueurs sur le parcours étiquette
49%
Parcours de golf situé en bord de mer ou dans une zone dunaire links
37%
Aucun quiz correspondant
Distribution des résultats
% des personnes avec chaque résultat
Percentile par nombre de réponses
Votre historique - résultats
Vous n’avez pas pris ce quiz